A sangre fria / (Record no. 107733)

MARC details
000 -CABECERA
campo de control de longitud fija 00659nam a2200217 a 4500
005 - FECHA Y HORA DE LA ÚLTIMA TRANSACCIÓN
campo de control 20210223125500.0
008 - ELEMENTOS DE LONGITUD FIJA--INFORMACIÓN GENERAL
campo de control de longitud fija 040707s2002 es r 000 0 spa d
020 ## - NÚMERO INTERNACIONAL NORMALIZADO PARA LIBROS
Número Internacional Estándar del Libro 8433920308
035 ## - NÚMERO DE CONTROL DEL SISTEMA
Número de control de sistema UPN01000135582
049 ## - COLECCIÓN
Colección CG
050 #4 - SIGNATURA TOPOGRÁFICA DE LA BIBLIOTECA DEL CONGRESO
Número de clasificación HV6533 K3
Número de documento/Ítem C3.2b
100 1# - ASIENTO PRINCIPAL--NOMBRE PERSONAL
Nombre de persona Capote, Truman,
Fechas asociadas al nombre 1924-1984
9 (RLIN) 28651
245 10 - MENCIÓN DE TÍTULO
Título A sangre fria /
Mención de responsabilidad, etc. Truman Capote ; tr. Fernando Rodríguez.
260 ## - PUBLICACIÓN, DISTRIBUCIÓN, ETC.
Lugar de publicación, distribución, etc. Barcelona, Esp. :
Nombre del editor, distribuidor, etc. Anagrama,
Fecha de publicación, distribución, etc. 2002.
300 ## - DESCRIPCIÓN FÍSICA
Extensión 315 p.
440 #0 - MENCIÓN DE SERIE/ASIENTO SECUNDARIO--TÍTULO
Título Compactos ;
Designación de volumen o secuencia 26
534 ## - NOTA SOBRE LA VERSIÓN ORIGINAL
Frase introductoria Traducción de:
Mención de título del original In cold blood
650 #4 - ASIENTO SECUNDARIO DE MATERIA - TERMINO TEMATICO
Término de materia o nombre geográfico como elemento de entrada ASESINATO -
Subdivisión geográfica KANSAS, ESTADOS UNIDOS
9 (RLIN) 2086
600 14 - ASIENTO SECUNDARIO DE MATERIA - NOMBRE PERSONAL
Nombre de persona HICKOCK, RICHARD EUGENE,
Fechas asociadas al nombre 1931-1965
905 ## - TIPO DE MATERIAL
Tipo de material Libro
Holdings
Estado de retiro Estado de pérdida Fuente del sistema de clasificación o colocación Estado dañado No para préstamo Código de colección Localización permanente Ubicación/localización actual Ubicación en estantería Fecha de adquisición Total de préstamos Clasificación Código de barras Fecha visto por última vez Fecha del último préstamo Número de copia Tipo de ítem Koha
    Library of Congress Classification     Colección General Bib. Gregorio Torres Quintero Bib. Gregorio Torres Quintero Planta baja 07/02/2023 22 HV6533 K3 C3.2b 206249 20/02/2023 07/02/2023 1 Libro
    Library of Congress Classification     Colección General Bib. Gregorio Torres Quintero Bib. Gregorio Torres Quintero Planta baja   8 HV6533 K3 C3.2b 206250 31/12/2020   1 Libro